Correspondencia de Obispo de Michoacán al Deán de la Catedral Metropolitana, en que le manifiesta cumplir las nuevas normas del Tribunal de la Inquisición

Detalles Bibliográficos
Formato: Libro
Publicado: Michoacán, 1691
Materias:
Colección:Banco de datos
Acervo:Biblioteca Palafoxiana. Colección de Manuscritos
Descripción Física:5 f. ; 31 x 21 cm.
Tema general:Eclesiástica
LEADER 00469nam a22001330004500
035 |a 1637 
245 1 0 |a Correspondencia de Obispo de Michoacán al Deán de la Catedral Metropolitana, en que le manifiesta cumplir las nuevas normas del Tribunal de la Inquisición 
260 |a Michoacán, 1691 
300 |a 5 f. ; 31 x 21 cm. 
650 1 0 |a Eclesiástica 
949 |a 32282/058 
942 |c PALAMANU 
943 |g Biblioteca Palafoxiana. Colección de Manuscritos 
999 |c 1069582  |d 1069582